Tom and Ally visit the doctor! / (Record no. 105104)
[ view plain ]
| 000 -LEADER | |
|---|---|
| fixed length control field | 00621nam a2200181 a 4500 |
| 005 - DATE AND TIME OF LATEST TRANSACTION | |
| control field | 20140412111340.0 |
| 008 - FIXED-LENGTH DATA ELEMENTS--GENERAL INFORMATION | |
| fixed length control field | 050419s19uu xx 00 eng d |
| 020 ## - INTERNATIONAL STANDARD BOOK NUMBER | |
| International Standard Book Number | 0-7513-1448-X |
| 050 ## - LIBRARY OF CONGRESS CALL NUMBER | |
| Classification number | ER |
| Item number | To55 2001 |
| 100 ## - MAIN ENTRY--PERSONAL NAME | |
| Personal name | Robbins, Beth |
| 245 ## - TITLE STATEMENT | |
| Title | Tom and Ally visit the doctor! / |
| Statement of responsibility, etc | Beth Robbins ; illustrated by Jon Stuart. |
| 260 ## - PUBLICATION, DISTRIBUTION, ETC. (IMPRINT) | |
| Place of publication, distribution, etc | London : |
| Name of publisher, distributor, etc | A Dorling Kindersley Book, |
| Date of publication, distribution, etc | 2001. |
| 300 ## - PHYSICAL DESCRIPTION | |
| Extent | 32 p. ; ill. |
| 440 ## - SERIES STATEMENT/ADDED ENTRY--TITLE | |
| Title | It's Ok! |
| 520 ## - SUMMARY, ETC. | |
| Summary, etc | Tom and Ally are visitng the doctor for a check-up. But what will happen when Tom finds out he has to have a job? |
| 650 ## - SUBJECT ADDED ENTRY--TOPICAL TERM | |
| Topical term or geographic name as entry element | Children stories |
| Withdrawn status | Lost status | Damaged status | Home library | Current library | Shelving location | Date acquired | Source of acquisition | Cost, normal purchase price | Total Checkouts | Full call number | Barcode | Date last seen | Price effective from | Koha item type |
|---|---|---|---|---|---|---|---|---|---|---|---|---|---|---|
| Elizalde Library | Elizalde Library | Easy Reading Section | 04/19/2005 | 50.00 | ER To55 2001 | E9418 | 04/12/2014 | 04/12/2014 | Books |